100 ý tưởng tạo ảnh hưởng cá nhân : Từ những tổ chức hàng đầu trên khắc thế giới = 100 great personal impact ideas

Phân tích và giới thiệu 100 ý tưởng tạo ảnh hưởng cá nhân, cung cấp những gợi ý, khuyến khích suy nghĩ tích cực về phương pháp và quan điểm dự tính cần đạt được

Enregistré dans:
Détails bibliographiques
Auteur principal: Shaw, Peter
Format: Livre
Langue:Undetermined
Publié: Thành phố Hồ Chí Minh Trẻ 2015
Sujets:
Tags: Ajouter un tag
Pas de tags, Soyez le premier à ajouter un tag!
Thư viện lưu trữ: Trung tâm Học liệu Trường Đại học Cần Thơ
LEADER 00977nam a2200217Ia 4500
001 CTU_207830
008 210402s9999 xx 000 0 und d
020 |c 76000 
082 |a 158.2 
082 |b S534 
100 |a Shaw, Peter 
245 0 |a 100 ý tưởng tạo ảnh hưởng cá nhân : 
245 0 |b Từ những tổ chức hàng đầu trên khắc thế giới = 100 great personal impact ideas 
245 0 |c Peter Shaw ; Hiếu Trung, Ý Như (dịch) 
260 |a Thành phố Hồ Chí Minh 
260 |b Trẻ 
260 |c 2015 
520 |a Phân tích và giới thiệu 100 ý tưởng tạo ảnh hưởng cá nhân, cung cấp những gợi ý, khuyến khích suy nghĩ tích cực về phương pháp và quan điểm dự tính cần đạt được 
650 |a Success in business 
904 |i Hải 
980 |a Trung tâm Học liệu Trường Đại học Cần Thơ